000 01212nam a22002297a 4500
005 20150921080933.0
008 150917b2012 ck |||||r|||| 00| 0 spa d
040 _aCO-BoIAVH
_cCO-BoIAVH
041 _aspa
044 _ack
082 _a307.72
_bL92c
245 1 _aColectivo rabanal fuente de vida
_buna experiencia de comunicación y apropiación ambiental
260 _aBogotá (Colombia):
_bColectivo Rabanal Fuente de Vida,
_bObservatorio Colombiano de Ciencia y Tecnología,
_bInstituto de Investigación de Recursos Biológicos Alexander von Humboldt,
_c2012.
300 _a58 páginas :
_btablas ilustraciones y fotografías a color ;
_c22 cm
505 0 _a¿Quienes somos y dónde estamos? Características de Firita, Peña Arriba. Participación y organización comunitaria. Intercambio de conocimientos para construir realidades. Comunicar para apropiar. Pasos que se han seguido en la conformación del Colectivo.
650 4 _aPáramo de Rabanal
_xUso
650 4 _aPáramo de Rabanal
_xComunidades
650 4 _aPáramo de Rabanal
_xInvestigación
700 1 _aLozano-Borda, Marcela
_eEditora
700 1 _aRiveros, Augusto
_eEditor
942 _2ddc
_cLIBRO
999 _c17783
_d17783